[Event "SUI-ch Blitz"]
[Site "Biel"]
[Date "2023.07.29"]
[Round "10"]
[White "Gaehwiler, Gabriel"]
[Black "Kelecevic, Nedeljko"]
[Result "1-0"]
[WhiteElo "2381"]
[BlackElo "2108"]
[PlyCount "49"]
[EventDate "2023.07.29"]
[EventType "swiss (blitz)"]
[EventRounds "13"]
[EventCountry "SUI"]
[SourceTitle "CBM 215 Extra"]
[Source "ChessBase"]
[SourceDate "2023.09.30"]
[SourceVersion "1"]
[SourceVersionDate "2023.09.30"]
[SourceQuality "1"]

1. d4 e6 2. Nf3 c5 3. c4 cxd4 4. Nxd4 Nf6 5. Nc3 Nc6 6. g3 Qb6 7. Nc2 Bc5 8. e3 Nb4 9. Bg2 Nxc2+ 10. Qxc2 Be7 11. 0-0 0-0 12. Rd1 d6 13. b3 Bd7 14. Ba3 Rfd8 15. Rd2 Bc6 16. e4 Rac8 17. Rad1 a6 18. e5 Ne8 19. exd6 Bxg2 20. dxe7 Rxd2 21. Qxd2 Qc6 22. Qd7 f6 23. Qxc6 Bxc6 24. Rd8 Rc7 25. Bd6 1-0

[Event "SUI-ch Blitz"]
[Site "Biel"]
[Date "2023.07.29"]
[Round "11"]
[White "Kelecevic, Nedeljko"]
[Black "Fecker, Noah"]
[Result "0-1"]
[WhiteElo "2108"]
[BlackElo "2392"]
[PlyCount "91"]
[EventDate "2023.07.29"]
[EventType "swiss (blitz)"]
[EventRounds "13"]
[EventCountry "SUI"]
[SourceTitle "CBM 215 Extra"]
[Source "ChessBase"]
[SourceDate "2023.09.30"]
[SourceVersion "1"]
[SourceVersionDate "2023.09.30"]
[SourceQuality "1"]

1. d4 d5 2. Nf3 e6 3. c4 a6 4. cxd5 exd5 5. Nc3 c6 6. Bf4 Bd6 7. Bxd6 Qxd6 8. e3 Ne7 9. h3 Bf5 10. Bd3 0-0 11. 0-0 Nd7 12. Qc2 g6 13. b4 b5 14. Bxf5 Nxf5 15. Rab1 Nb6 16. Ne5 f6 17. Nd3 Nc4 18. Rb3 Rfe8 19. Nd1 a5 20. bxa5 Rxa5 21. Nc5 Qe7 22. Rb4 Rea8 23. a4 bxa4 24. Rxa4 Rxa4 25. Nxa4 Qb4 26. Nac3 Ra1 27. Na2 Qa5 28. Nac3 Kg7 29. Qd3 Qb6 30. e4 Nxd4 31. exd5 cxd5 32. Nxd5 Qc5 33. Nf4 Kf7 34. Re1 Ne5 35. Qe4 Qb4 36. Qd5+ Ke7 37. Rxe5+ fxe5 38. Qxe5+ Kd7 39. Qd5+ Kc7 40. Qe5+ Kb7 41. Qg7+ Ka6 42. Qf6+ Ka5 43. Qe5+ Ka4 44. Qe8+ Kb3 45. Qe3+ Ka2 46. Nd5 0-1

[Event "SUI-ch Blitz"]
[Site "Biel"]
[Date "2023.07.29"]
[Round "12"]
[White "Kelecevic, Nedeljko"]
[Black "Frei, Thadeus"]
[Result "1-0"]
[WhiteElo "2108"]
[BlackElo "2034"]
[PlyCount "71"]
[EventDate "2023.07.29"]
[EventType "swiss (blitz)"]
[EventRounds "13"]
[EventCountry "SUI"]
[SourceTitle "CBM 215 Extra"]
[Source "ChessBase"]
[SourceDate "2023.09.30"]
[SourceVersion "1"]
[SourceVersionDate "2023.09.30"]
[SourceQuality "1"]

1. d4 Nf6 2. c4 e6 3. Nc3 Bb4 4. Qc2 c5 5. dxc5 0-0 6. Bg5 h6 7. Bh4 Na6 8. e3 Nxc5 9. Bd3 Qa5 10. Bxf6 gxf6 11. Nge2 b6 12. 0-0 Bb7 13. Ne4 Bxe4 14. Bxe4 Nxe4 15. Qxe4 Rfd8 16. Nf4 Bf8 17. Rfd1 Rac8 18. b3 Qe5 19. Qf3 Bg7 20. Nh5 d5 21. Rd4 dxc4 22. Rad1 Rxd4 23. exd4 Qg5 24. bxc4 Rxc4 25. g3 f5 26. d5 exd5 27. Rxd5 Qg4 28. Rxf5 Qxf3 29. Rxf3 Ra4 30. a3 Bf8 31. h4 Rxa3 32. Rf4 b5 33. Nf6+ Kg7 34. Nd7 Bd6 35. Rg4+ Kh7 36. Nf6+ 1-0

[Event "Schaffhausen op"]
[Site "Schaffhausen"]
[Date "2023.03.12"]
[Round "4"]
[White "Kelecevic, Nedeljko"]
[Black "Stein, Eugen"]
[Result "1-0"]
[WhiteElo "2140"]
[BlackElo "1688"]
[PlyCount "61"]
[EventDate "2023.03.10"]
[EventType "swiss"]
[EventRounds "5"]
[EventCountry "SUI"]
[SourceTitle "EXT 2024"]
[Source "ChessBase"]
[SourceDate "2023.10.10"]
[SourceVersion "1"]
[SourceVersionDate "2023.10.10"]
[SourceQuality "1"]

1. d4 b6 2. Nc3 Bb7 3. e4 e6 4. Nf3 Bb4 5. Bd3 Nf6 6. Bg5 h6 7. Bxf6 Qxf6 8. 0-0 0-0 9. Ne2 Qd8 10. Ng3 Be7 11. Qe2 d6 12. Rad1 Nd7 13. Ba6 Bxa6 14. Qxa6 Qc8 15. Qe2 a5 16. Rfe1 Nf6 17. c4 Nh7 18. d5 Ng5 19. Nd4 Re8 20. f4 Nh7 21. Qg4 exd5 22. Ngf5 g6 23. Nxh6+ Kf8 24. cxd5 Nf6 25. Qg3 Ng8 26. Nxg8 Kxg8 27. f5 g5 28. h4 Qd8 29. Nc6 Qd7 30. hxg5 Kf8 31. Qh4 1-0

[Event "Stein am Rhein op 13th"]
[Site "Stein am Rhein"]
[Date "2022.10.29"]
[Round "3"]
[White "Kelecevic, Nedeljko"]
[Black "Oestreicher, Hans Ulrich"]
[Result "0-1"]
[WhiteElo "2162"]
[BlackElo "1956"]
[PlyCount "70"]
[EventDate "2022.10.28"]
[EventType "swiss"]
[EventRounds "5"]
[EventCountry "SUI"]
[SourceTitle "EXT 2024"]
[Source "ChessBase"]
[SourceDate "2023.10.10"]
[SourceVersion "1"]
[SourceVersionDate "2023.10.10"]
[SourceQuality "1"]

1. d4 Nf6 2. c4 g6 3. Nc3 d5 4. cxd5 Nxd5 5. Bd2 Bg7 6. e4 Nxc3 7. Bxc3 0-0 8. Rc1 Nd7 9. Nf3 b6 10. Bd3 Bb7 11. Qe2 e6 12. Bb4 Re8 13. 0-0 Rc8 14. Rfd1 f5 15. e5 g5 16. Ba6 Bxa6 17. Qxa6 g4 18. Ne1 Bh6 19. Rb1 Nb8 20. Qe2 Qd5 21. Bd2 Bg7 22. Bg5 Nc6 23. Nc2 Qxa2 24. Bf6 Qd5 25. b4 Ne7 26. Bxe7 Rxe7 27. b5 c5 28. bxc6 Qxc6 29. Nb4 Qc3 30. g3 a5 31. Qa6 axb4 32. Qxb6 Qf3 33. d5 exd5 34. e6 Bc3 35. Qd6 Rce8 0-1

[Event "Verbandsliga Suedbaden 2122"]
[Site "Baden"]
[Date "2022.06.26"]
[Round "6.2"]
[White "Weindl, Alfred"]
[Black "Kelecevic, Nedeljko"]
[Result "1/2-1/2"]
[WhiteElo "2309"]
[BlackElo "2167"]
[PlyCount "94"]
[EventDate "2021.10.10"]
[EventType "team-tourn"]
[EventRounds "9"]
[EventCountry "GER"]
[SourceTitle "EXT 2023"]
[Source "ChessBase"]
[SourceDate "2022.10.05"]
[SourceVersion "1"]
[SourceVersionDate "2022.10.05"]
[SourceQuality "1"]
[WhiteTeam "Gottmadingen"]
[BlackTeam "Konstanz"]
[WhiteTeamCountry "GER"]
[BlackTeamCountry "GER"]

1. Nf3 c5 2. g3 Nc6 3. Bg2 e5 4. 0-0 e4 5. Ne1 f5 6. c4 Nf6 7. Nc3 d5 8. cxd5 Nxd5 9. d3 Nxc3 10. bxc3 exd3 11. Nxd3 Bd6 12. Bf4 Bxf4 13. gxf4 Qe7 14. Qb3 Be6 15. Qb5 0-0 16. Nxc5 a6 17. Qxb7 Qxc5 18. Qxc6 Qxc6 19. Bxc6 Rac8 20. Bb7 Rxc3 21. Bxa6 Ra3 22. Bd3 Rxa2 23. Rxa2 Bxa2 24. Ra1 Be6 25. Ra5 Rf6 26. h3 Kf8 27. f3 Bd7 28. Kf2 Ke7 29. Ke3 Rh6 30. Ra7 Kd8 31. Kd4 Rb6 32. Ke5 g6 33. Ra6 Rxa6 34. Bxa6 Ke7 35. Bc4 Bc8 36. h4 Bd7 37. Bg8 Bb5 38. e3 Kf8 39. Bxh7 Kg7 40. Bxg6 Kxg6 41. h5+ Kxh5 42. Kxf5 Kh4 43. e4 Kg3 44. e5 Kxf3 45. e6 Bc4 46. e7 Bb5 47. Ke5 Kg4 1/2-1/2

[Event "Verbandsliga Suedbaden 2122"]
[Site "Baden"]
[Date "2022.05.22"]
[Round "5.2"]
[White "Kelecevic, Nedeljko"]
[Black "Scherer, Helmut"]
[Result "1/2-1/2"]
[WhiteElo "2167"]
[BlackElo "2266"]
[PlyCount "43"]
[EventDate "2021.10.10"]
[EventType "team-tourn"]
[EventRounds "9"]
[EventCountry "GER"]
[SourceTitle "EXT 2023"]
[Source "ChessBase"]
[SourceDate "2022.10.05"]
[SourceVersion "1"]
[SourceVersionDate "2022.10.05"]
[SourceQuality "1"]
[WhiteTeam "Konstanz"]
[BlackTeam "Zaehringen"]
[WhiteTeamCountry "GER"]
[BlackTeamCountry "GER"]

1. d4 Nf6 2. c4 e6 3. Nc3 d5 4. Nf3 Be7 5. Bg5 0-0 6. e3 c6 7. a3 Nbd7 8. Bh4 Ne4 9. Bxe7 Qxe7 10. Qc2 f5 11. Be2 Kh8 12. 0-0 Qd6 13. Nd2 Nxd2 14. Qxd2 dxc4 15. Bxc4 e5 16. Rfd1 Nb6 17. Ba2 Rd8 18. Qc2 Be6 19. Bxe6 Qxe6 20. dxe5 Qxe5 21. g3 g6 22. Qb3 1/2-1/2

[Event "SUI-chT"]
[Site "Switzerland"]
[Date "2022.05.15"]
[Round "2.5"]
[White "Kelecevic, Nedeljko"]
[Black "Sigfusson, Sigurdur Dadi"]
[Result "1/2-1/2"]
[WhiteElo "2163"]
[BlackElo "2298"]
[PlyCount "61"]
[EventDate "2022.05.01"]
[EventType "team-tourn"]
[EventRounds "9"]
[EventCountry "SUI"]
[SourceTitle "EXT 2023"]
[Source "ChessBase"]
[SourceDate "2022.10.05"]
[SourceVersion "1"]
[SourceVersionDate "2022.10.05"]
[SourceQuality "1"]
[WhiteTeam "Winterthur"]
[BlackTeam "Reti"]
[WhiteTeamCountry "SUI"]
[BlackTeamCountry "SUI"]

1. d4 Nf6 2. c4 g6 3. Nc3 Bg7 4. e4 d6 5. f3 0-0 6. Bg5 c5 7. d5 a6 8. a4 e6 9. Qd2 exd5 10. cxd5 Re8 11. Nge2 Nbd7 12. Ng3 Rb8 13. Be2 Qc7 14. 0-0 c4 15. Be3 b5 16. axb5 axb5 17. b4 Ne5 18. Ra7 Qd8 19. h3 h5 20. Nh1 Re7 21. Ra5 Qe8 22. Nf2 Reb7 23. Rfa1 Nh7 24. f4 Nd7 25. Bd4 Bh6 26. h4 Ne5 27. Be3 Ng4 28. Bxg4 hxg4 29. g3 Bg7 30. Bd4 Nf6 31. Kg2 1/2-1/2

[Event "Verbandsliga Suedbaden 1920"]
[Site "Baden"]
[Date "2021.07.04"]
[Round "8.2"]
[White "Leutwyler, Martin"]
[Black "Kelecevic, Nedeljko"]
[Result "1/2-1/2"]
[WhiteElo "2200"]
[BlackElo "2177"]
[PlyCount "29"]
[EventDate "2019.09.29"]
[EventType "team-tourn"]
[EventRounds "9"]
[EventCountry "GER"]
[SourceTitle "EXT 2021"]
[Source "ChessBase"]
[SourceDate "2020.10.23"]
[SourceVersion "1"]
[SourceVersionDate "2020.10.23"]
[SourceQuality "1"]
[WhiteTeam "Gottmadingen"]
[BlackTeam "Konstanz"]
[WhiteTeamCountry "GER"]
[BlackTeamCountry "GER"]

1. d4 e6 2. c4 Nf6 3. g3 d5 4. Bg2 dxc4 5. Nf3 Nc6 6. Qa4 Bb4+ 7. Bd2 Nd5 8. Bxb4 Ndxb4 9. 0-0 Bd7 10. Ne5 Nd5 11. Nxd7 Qxd7 12. Qxc4 0-0 13. Rd1 Rfd8 14. Nc3 Nce7 15. Qb3 1/2-1/2

[Event "Verbandsliga Suedbaden 1920"]
[Site "Baden"]
[Date "2020.03.08"]
[Round "7.2"]
[White "Kelecevic, Nedeljko"]
[Black "Doll, Alexander"]
[Result "1-0"]
[WhiteElo "2177"]
[BlackElo "2127"]
[PlyCount "87"]
[EventDate "2019.09.29"]
[EventType "team-tourn"]
[EventRounds "9"]
[EventCountry "GER"]
[SourceTitle "EXT 2021"]
[Source "ChessBase"]
[SourceDate "2020.10.23"]
[SourceVersion "1"]
[SourceVersionDate "2020.10.23"]
[SourceQuality "1"]
[WhiteTeam "Konstanz"]
[BlackTeam "Baden-Baden V"]
[WhiteTeamCountry "GER"]
[BlackTeamCountry "GER"]

1. d4 d5 2. Nf3 Nf6 3. c4 e6 4. Nc3 Nbd7 5. cxd5 exd5 6. Bg5 Be7 7. e3 c6 8. Qc2 Nh5 9. Bxe7 Qxe7 10. Be2 g6 11. h3 Nb6 12. g4 Ng7 13. 0-0-0 Be6 14. Kb1 0-0-0 15. Ka1 Ne8 16. Rc1 f5 17. Ne5 Nf6 18. Na4 Rd6 19. Nc5 Kb8 20. Qb3 Bc8 21. Qb4 Ne4 22. Nxe4 fxe4 23. Nf7 Qxf7 24. Qxd6+ Qc7 25. Qxc7+ Kxc7 26. b3 Kd6 27. f4 exf3 28. Bxf3 Be6 29. Rhf1 Re8 30. Rce1 a5 31. e4 dxe4 32. Bxe4 Nd7 33. Bg2 a4 34. Kb2 Ra8 35. Re2 axb3 36. axb3 Ra5 37. Rfe1 Nf8 38. Re5 Ra6 39. Be4 Rb6 40. Bc2 h6 41. R5e3 g5 42. Rf1 Nd7 43. Bf5 Bxf5 44. gxf5 1-0

[Event "Verbandsliga Suedbaden 1920"]
[Site "Baden"]
[Date "2020.02.02"]
[Round "5.3"]
[White "Toedter, Carsten"]
[Black "Kelecevic, Nedeljko"]
[Result "1/2-1/2"]
[WhiteElo "1956"]
[BlackElo "2177"]
[PlyCount "39"]
[EventDate "2019.09.29"]
[EventType "team-tourn"]
[EventRounds "9"]
[EventCountry "GER"]
[SourceTitle "EXT 2021"]
[Source "ChessBase"]
[SourceDate "2020.10.23"]
[SourceVersion "1"]
[SourceVersionDate "2020.10.23"]
[SourceQuality "1"]
[WhiteTeam "Dreilaendereck II"]
[BlackTeam "Konstanz"]
[WhiteTeamCountry "GER"]
[BlackTeamCountry "GER"]

1. d4 Nf6 2. c4 e6 3. g3 d5 4. Bg2 dxc4 5. Nf3 a6 6. a4 Nc6 7. 0-0 Rb8 8. Nc3 Be7 9. a5 0-0 10. h3 h6 11. e4 b6 12. axb6 cxb6 13. Bf4 Ra8 14. d5 e5 15. Nxe5 Nxe5 16. Bxe5 Nd7 17. Bd4 Bb7 18. Qe2 b5 19. Rad1 Bc5 20. Qe3 1/2-1/2

[Event "SUI-ch 117th"]
[Site "Graechen"]
[Date "2017.07.17"]
[Round "5"]
[White "Angst, Oliver"]
[Black "Kelecevic, Nedeljko"]
[Result "0-1"]
[WhiteElo "1898"]
[BlackElo "2222"]
[PlyCount "88"]
[EventDate "2017.07.13"]
[EventType "swiss"]
[EventRounds "9"]
[EventCountry "SUI"]
[SourceTitle "EXT 2019"]
[Source "ChessBase"]
[SourceDate "2018.10.10"]
[SourceVersion "1"]
[SourceVersionDate "2018.10.10"]
[SourceQuality "1"]

1. e4 e6 2. d4 d5 3. exd5 exd5 4. Nf3 Nc6 5. c3 Bd6 6. Bd3 Nge7 7. 0-0 Bg4 8. Bg5 f6 9. Bh4 Qd7 10. Nbd2 Bf5 11. Nb3 g6 12. Bg3 Bxg3 13. hxg3 0-0 14. Nh4 Bxd3 15. Qxd3 g5 16. Nf3 Qf5 17. Qxf5 Nxf5 18. Rfe1 Rfe8 19. Kf1 Nd6 20. Nfd2 a5 21. a4 Kf7 22. Rxe8 Rxe8 23. Re1 Ne7 24. Rc1 h5 25. Ke2 h4 26. gxh4 Ng6+ 27. Kd3 Nf4+ 28. Kc2 gxh4 29. g3 hxg3 30. fxg3 Ng2 31. Rh1 Kg7 32. Rg1 Ne3+ 33. Kc1 Ng4 34. Kc2 Re2 35. Kd3 Rh2 36. Re1 Nf2+ 37. Kc2 Nfe4 38. Kd3 Rg2 39. Re3 f5 40. Re2 Rxg3+ 41. Re3 Nf2+ 42. Ke2 Rxe3+ 43. Kxe3 Nd1+ 44. Kf4 Kf6 0-1

[Event "SUI-ch 117th"]
[Site "Graechen"]
[Date "2017.07.16"]
[Round "4"]
[White "Kelecevic, Nedeljko"]
[Black "Portmann, Daniel"]
[Result "1/2-1/2"]
[WhiteElo "2222"]
[BlackElo "2033"]
[PlyCount "39"]
[EventDate "2017.07.13"]
[EventType "swiss"]
[EventRounds "9"]
[EventCountry "SUI"]
[SourceTitle "EXT 2019"]
[Source "ChessBase"]
[SourceDate "2018.10.10"]
[SourceVersion "1"]
[SourceVersionDate "2018.10.10"]
[SourceQuality "1"]

1. d4 d6 2. c4 Nf6 3. Nc3 e5 4. d5 g6 5. e4 Bg7 6. h3 Nbd7 7. Bd3 0-0 8. Bg5 h6 9. Be3 Kh8 10. Qd2 Ng8 11. g4 Nc5 12. Bc2 a5 13. f3 f5 14. 0-0-0 Bd7 15. Kb1 Rf7 16. Nge2 Qf8 17. Rdg1 fxe4 18. fxe4 Na6 19. Nc1 Qe7 20. Rf1 1/2-1/2

[Event "SUI-ch 117th"]
[Site "Graechen"]
[Date "2017.07.15"]
[Round "3"]
[White "Meier, Anton"]
[Black "Kelecevic, Nedeljko"]
[Result "1/2-1/2"]
[WhiteElo "1905"]
[BlackElo "2222"]
[PlyCount "30"]
[EventDate "2017.07.13"]
[EventType "swiss"]
[EventRounds "9"]
[EventCountry "SUI"]
[SourceTitle "EXT 2019"]
[Source "ChessBase"]
[SourceDate "2018.10.10"]
[SourceVersion "1"]
[SourceVersionDate "2018.10.10"]
[SourceQuality "1"]

1. e4 e6 2. d3 d5 3. Nd2 c5 4. Ngf3 Nc6 5. g3 Bd6 6. Bg2 Nge7 7. 0-0 0-0 8. Re1 Bc7 9. a4 f5 10. exd5 exd5 11. Ng5 f4 12. Ndf3 fxg3 13. fxg3 Bg4 14. Ne6 Bxe6 15. Rxe6 Qd7 1/2-1/2

[Event "SUI-ch 117th"]
[Site "Graechen"]
[Date "2017.07.14"]
[Round "2"]
[White "Kelecevic, Nedeljko"]
[Black "Eschle, Hubert"]
[Result "1/2-1/2"]
[WhiteElo "2222"]
[BlackElo "1883"]
[PlyCount "38"]
[EventDate "2017.07.13"]
[EventType "swiss"]
[EventRounds "9"]
[EventCountry "SUI"]
[SourceTitle "EXT 2019"]
[Source "ChessBase"]
[SourceDate "2018.10.10"]
[SourceVersion "1"]
[SourceVersionDate "2018.10.10"]
[SourceQuality "1"]

1. d4 Nf6 2. c4 c5 3. d5 g6 4. Nc3 d6 5. e4 Bg7 6. f3 0-0 7. Bg5 h6 8. Be3 a6 9. a4 b6 10. Nge2 Nbd7 11. Qd2 Kh7 12. Nd1 Ne5 13. Nec3 Nh5 14. Be2 e6 15. 0-0 exd5 16. cxd5 Qh4 17. Bf2 Qf4 18. Be3 Qh4 19. Bf2 Qf4 1/2-1/2

[Event "Celerina op 11th"]
[Site "Celerina"]
[Date "2017.06.04"]
[Round "3"]
[White "Kelecevic, Nedeljko"]
[Black "Nester, Ihor"]
[Result "1/2-1/2"]
[WhiteElo "2216"]
[BlackElo "2328"]
[PlyCount "66"]
[EventDate "2017.06.03"]
[EventType "swiss"]
[EventRounds "5"]
[EventCountry "SUI"]
[SourceTitle "EXT 2018"]
[Source "ChessBase"]
[SourceDate "2017.10.13"]
[SourceVersion "1"]
[SourceVersionDate "2017.10.13"]
[SourceQuality "1"]

1. d4 f5 2. g3 Nf6 3. Bg2 e6 4. c4 Be7 5. Nf3 0-0 6. 0-0 d6 7. b3 Ne4 8. Bb2 Bf6 9. Qc2 Qe8 10. Nbd2 Nxd2 11. Qxd2 Kh8 12. Rad1 e5 13. e3 Nc6 14. Ne1 f4 15. d5 Ne7 16. exf4 exf4 17. Nd3 Bxb2 18. Qxb2 f3 19. Bh1 Qh5 20. Rfe1 Ng6 21. Re3 Bg4 22. Rde1 Kg8 23. Qd4 Qg5 24. h3 Bxh3 25. Bxf3 Bf5 26. Bg2 Bxd3 27. Qxd3 Ne5 28. Qc3 Ng4 29. f4 Qh5 30. Re7 Rf7 31. Re8+ Rxe8 32. Rxe8+ Rf8 33. Rxf8+ Kxf8 1/2-1/2

[Event "Bodensee op"]
[Site "Bregenz"]
[Date "2017.05.25"]
[Round "6"]
[White "Kelecevic, Nedeljko"]
[Black "Medunova, Vera"]
[Result "1-0"]
[WhiteElo "2217"]
[BlackElo "2101"]
[PlyCount "165"]
[EventDate "2017.05.20"]
[EventType "swiss"]
[EventRounds "9"]
[EventCountry "AUT"]
[SourceTitle "CBM 178 Extra"]
[Source "ChessBase"]
[SourceDate "2017.06.22"]
[SourceVersion "1"]
[SourceVersionDate "2017.06.22"]
[SourceQuality "1"]

1. d4 Nf6 2. c4 c5 3. d5 b5 4. cxb5 a6 5. bxa6 e6 6. Nc3 Nxd5 7. Nxd5 exd5 8. Qxd5 Nc6 9. e3 Be7 10. Bd2 0-0 11. Nf3 Bxa6 12. Bxa6 Rxa6 13. 0-0 d6 14. Bc3 Bf6 15. Qc4 Rb6 16. Rfd1 Bxc3 17. Qxc3 Qe7 18. Rd2 h6 19. Rad1 Nb4 20. a3 Na6 21. h3 Rfb8 22. Qd3 Nc7 23. b4 cxb4 24. axb4 d5 25. Nd4 Qxb4 26. Rc2 Qd6 27. Rdc1 Ne8 28. Nf5 Qe6 29. Qxd5 Nf6 30. Qxe6 Rxe6 31. Rc8+ Re8 32. Rxb8 Rxb8 33. Rc8+ Rxc8 34. Ne7+ Kf8 35. Nxc8 g6 36. f3 Ke8 37. Nb6 Ke7 38. e4 Ke6 39. Kf2 Ne8 40. f4 h5 41. g3 Kd6 42. Ke3 Kc5 43. Nd7+ Kd6 44. Ne5 Ke6 45. Kd4 Nd6 46. Nf3 Nb5+ 47. Ke3 Nc3 48. Nd4+ Kd6 49. Ne2 Nd1+ 50. Kf3 Nb2 51. g4 hxg4+ 52. hxg4 Nc4 53. Nc3 Ke6 54. g5 Kd6 55. Ke2 Na5 56. Kd3 Nc6 57. Nd5 Nd8 58. Kd4 Ne6+ 59. Ke3 Nc5 60. Nb4 Nb3 61. Nd3 Ke6 62. Ne5 Nc5 63. Nf3 Nd7 64. Kd4 Nb6 65. Ne5 Nc8 66. Nc4 Ne7 67. Kc5 Kd7 68. Ne5+ Ke6 69. Nc6 Nc8 70. Nd4+ Ke7 71. Nc6+ Ke6 72. Nd8+ Ke7 73. Nb7 Ke6 74. Kc6 Ke7 75. f5 gxf5 76. exf5 f6 77. g6 Kf8 78. Kd7 Nb6+ 79. Ke6 Kg7 80. Nd6 Na4 81. Ne4 Nb2 82. Nxf6 Nd3 83. Nh5+ 1-0

[Event "Bodensee op"]
[Site "Bregenz"]
[Date "2017.05.23"]
[Round "4"]
[White "Kelecevic, Nedeljko"]
[Black "Fauth, Dietmar"]
[Result "1/2-1/2"]
[WhiteElo "2217"]
[BlackElo "2141"]
[PlyCount "62"]
[EventDate "2017.05.20"]
[EventType "swiss"]
[EventRounds "9"]
[EventCountry "AUT"]
[SourceTitle "CBM 178 Extra"]
[Source "ChessBase"]
[SourceDate "2017.06.22"]
[SourceVersion "1"]
[SourceVersionDate "2017.06.22"]
[SourceQuality "1"]

1. d4 Nf6 2. c4 e6 3. Nc3 Bb4 4. Qc2 c5 5. dxc5 Na6 6. a3 Bxc3+ 7. Qxc3 Nxc5 8. b4 Nce4 9. Qb2 d5 10. c5 d4 11. e3 Ng4 12. Bb5+ Bd7 13. Bxd7+ Qxd7 14. Nf3 Nexf2 15. 0-0 dxe3 16. Bxe3 Nxe3 17. Rxf2 0-0 18. Qb3 Nd5 19. Rc1 Rad8 20. b5 Nf6 21. Rd2 Qc7 22. Rdc2 Rd5 23. b6 axb6 24. cxb6 Qd6 25. Rc7 Rd3 26. Qb4 Qd5 27. Qc4 Rd1+ 28. Rxd1 Qxd1+ 29. Qf1 Qd5 30. Qc4 Qd1+ 31. Qf1 Qd5 1/2-1/2

[Event "Bodensee op"]
[Site "Bregenz"]
[Date "2017.05.22"]
[Round "3"]
[White "Balasubramaniam, H."]
[Black "Kelecevic, Nedeljko"]
[Result "1/2-1/2"]
[WhiteElo "2165"]
[BlackElo "2217"]
[PlyCount "39"]
[EventDate "2017.05.20"]
[EventType "swiss"]
[EventRounds "9"]
[EventCountry "AUT"]
[SourceTitle "CBM 178 Extra"]
[Source "ChessBase"]
[SourceDate "2017.06.22"]
[SourceVersion "1"]
[SourceVersionDate "2017.06.22"]
[SourceQuality "1"]

1. e4 e6 2. d4 d5 3. Nc3 Bb4 4. e5 Ne7 5. a3 Bxc3+ 6. bxc3 c5 7. h4 Qa5 8. Bd2 Qa4 9. Nf3 b6 10. h5 h6 11. Rh4 Qc6 12. Rg4 Kf8 13. Nh4 Nf5 14. Bd3 Nxh4 15. Rxh4 Ba6 16. Bxa6 Nxa6 17. Rf4 Rc8 18. Qf3 Qd7 19. Rg4 Nc7 20. Rf4 1/2-1/2

[Event "Bodensee op"]
[Site "Bregenz"]
[Date "2017.05.20"]
[Round "1"]
[White "Hoyer, Olaf"]
[Black "Kelecevic, Nedeljko"]
[Result "0-1"]
[WhiteElo "1847"]
[BlackElo "2217"]
[PlyCount "100"]
[EventDate "2017.05.20"]
[EventType "swiss"]
[EventRounds "9"]
[EventCountry "AUT"]
[SourceTitle "CBM 178 Extra"]
[Source "ChessBase"]
[SourceDate "2017.06.22"]
[SourceVersion "1"]
[SourceVersionDate "2017.06.22"]
[SourceQuality "1"]

1. e4 e6 2. b3 d5 3. Bb2 dxe4 4. Nc3 Nf6 5. Qe2 Bb4 6. 0-0-0 Bxc3 7. dxc3 Qe7 8. Nh3 Bd7 9. g4 h6 10. g5 hxg5 11. Nxg5 Bc6 12. Bg2 Rh4 13. f3 exf3 14. Nxf3 Rg4 15. Rhg1 Nbd7 16. Nd4 Rxg2 17. Rxg2 Bxg2 18. Qxg2 0-0-0 19. Nb5 a6 20. Na3 g6 21. Nc4 Nh7 22. Kb1 Nb6 23. Rxd8+ Qxd8 24. Na5 Qd5 25. Qh3 Qxa5 26. Qxh7 Qf5 27. Ba3 Nd5 28. Qh8+ Kd7 29. Bc1 Qf6 30. Qxf6 Nxf6 31. c4 e5 32. c3 Ne4 33. Kc2 f5 34. Kd3 Ke6 35. Be3 Nf6 36. Bg5 Nh7 37. Bd8 Kd7 38. Bh4 g5 39. Bg3 f4 40. Bf2 Ke6 41. Ba7 Kf5 42. Bb8 c6 43. a4 Nf8 44. b4 e4+ 45. Ke2 g4 46. c5 Nd7 47. Bd6 Ne5 48. Kf2 Nc4 49. Bc7 e3+ 50. Kf1 Ke4 0-1

[Event "Zuerich op-A 40th"]
[Site "Zuerich"]
[Date "2016.12.29"]
[Round "6"]
[White "Brandis, Benjamin"]
[Black "Kelecevic, Nedeljko"]
[Result "0-1"]
[WhiteElo "1909"]
[BlackElo "2211"]
[PlyCount "54"]
[EventDate "2016.12.26"]
[EventType "swiss"]
[EventRounds "7"]
[EventCountry "SUI"]
[SourceTitle "CBM 176 Extra"]
[Source "ChessBase"]
[SourceDate "2017.03.02"]
[SourceVersion "1"]
[SourceVersionDate "2017.03.02"]
[SourceQuality "1"]

1. e4 e6 2. d4 d5 3. exd5 Qxd5 4. Nf3 Nf6 5. Nc3 Qd8 6. Ne5 Be7 7. Bc4 Nbd7 8. f4 Nb6 9. Bb3 0-0 10. 0-0 c5 11. Be3 Nbd5 12. Qf3 Nxe3 13. Qxe3 cxd4 14. Qe2 dxc3 15. bxc3 Qc7 16. c4 a5 17. c3 b6 18. Rab1 Bb7 19. Bc2 Rad8 20. Kh1 Rd6 21. Qe3 Rfd8 22. Rf2 Ba8 23. Re2 Qc5 24. Qh3 Rd2 25. Rbe1 Rxe2 26. Rxe2 Be4 27. Ba4 Qa3 0-1

[Event "Zuerich op-A 40th"]
[Site "Zuerich"]
[Date "2016.12.28"]
[Round "4"]
[White "Kelecevic, Nedeljko"]
[Black "Hort, Vlastimil"]
[Result "0-1"]
[WhiteElo "2211"]
[BlackElo "2423"]
[PlyCount "54"]
[EventDate "2016.12.26"]
[EventType "swiss"]
[EventRounds "7"]
[EventCountry "SUI"]
[SourceTitle "CBM 176 Extra"]
[Source "ChessBase"]
[SourceDate "2017.03.02"]
[SourceVersion "1"]
[SourceVersionDate "2017.03.02"]
[SourceQuality "1"]

1. d4 e6 2. c4 c5 3. d5 exd5 4. cxd5 a6 5. a4 Ne7 6. Nc3 Ng6 7. g3 d6 8. Bg2 Be7 9. f4 Nd7 10. Nh3 Nf6 11. Nf2 Ng4 12. Nxg4 Bxg4 13. 0-0 Bd7 14. e4 c4 15. a5 b5 16. Be3 Rb8 17. e5 Bf5 18. Be4 Qc8 19. Bxf5 Qxf5 20. g4 Qc8 21. e6 fxe6 22. dxe6 Qxe6 23. Ba7 Rc8 24. Bd4 Qf7 25. f5 Ne5 26. Qe2 0-0 27. Ne4 Nc6 0-1

[Event "Bodensee op Seniors"]
[Site "Bregenz"]
[Date "2016.05.07"]
[Round "8"]
[White "Kelecevic, Nedeljko"]
[Black "Koch, Helmuth"]
[Result "1-0"]
[WhiteElo "2227"]
[BlackElo "1911"]
[PlyCount "53"]
[EventDate "2016.04.30"]
[EventType "swiss"]
[EventRounds "9"]
[EventCountry "AUT"]
[SourceTitle "CBM 172 Extra"]
[Source "ChessBase"]
[SourceDate "2016.06.21"]
[SourceVersion "1"]
[SourceVersionDate "2016.06.21"]
[SourceQuality "1"]

1. d4 Nf6 2. c4 g6 3. Nc3 Bg7 4. e4 d6 5. Be2 0-0 6. g4 c5 7. d5 Na6 8. h4 Nc7 9. h5 e6 10. g5 Nfe8 11. Be3 exd5 12. exd5 Bf5 13. Bd3 Qd7 14. Qc2 Bxd3 15. Qxd3 Qg4 16. Nge2 Na6 17. a3 Nec7 18. 0-0-0 Rae8 19. Rdg1 Qd7 20. Rh4 Nb8 21. Rgh1 a6 22. hxg6 hxg6 23. Nf4 Qf5 24. Qxf5 gxf5 25. Nh5 f6 26. Nxg7 Kxg7 27. Rh7+ 1-0